| 000 | 00870nam a2200241Ia 4500 | ||
|---|---|---|---|
| 003 | GCL | ||
| 008 | 140319s9999 xx 000 0 ara d | ||
| 040 |
_aGCL / _cGCL |
||
| 082 | 0 | 4 |
_a301.21 _bم ك |
| 100 | 1 | _aالمؤسسة العامة للدراسات والنشر | |
| 245 | 1 | 0 |
_aفى الاقتصاد العربى مناقشات حول العروبة / _cالمؤسسة العامة للدراسات والنشر |
| 300 | _a312 ص | ||
| 490 |
_aكتاب قضايا عربية فى الوحدة العربية وقضاي _v0 |
||
| 650 | 0 | 4 | _aالعالم العربى |
| 650 | 0 | 4 | _aالمرأة |
| 650 | 0 | 4 | _aالاحوال الاقتصادية |
| 650 | 0 | 4 | _aالتنمية الاقتصادية |
| 650 | 0 | 4 | _aلبنان |
| 650 | 0 | 4 | _aالثقافة |
| 650 | 0 | 4 | _aالحرب الاهلية |
| 650 | 0 | 4 | _aالتنمية الصناعية |
| 942 |
_2ddc _cBK |
||
| 999 |
_c37661 _d37661 |
||